[Event "Torino SST Junior-Senior (giallo)"]
[Site "Torino"]
[Date "2012.05.17"]
[Round "8"]
[White "Settis, Massimo"]
[Black "Bartoli, Francesco"]
[Result "1-0"]
[WhiteElo "1969"]
[BlackElo "1458"]
[PlyCount "63"]
[EventDate "2011.10.20"]
[EventType "schev"]
[EventRounds "8"]
[EventCountry "ITA"]
[SourceTitle "EXT 2018"]
[Source "ChessBase"]
[SourceDate "2017.10.13"]
[SourceVersion "1"]
[SourceVersionDate "2017.10.13"]
[SourceQuality "1"]

1. c4 c5 2. g3 g6 3. Bg2 Bg7 4. Nc3 e6 5. Nf3 Ne7 6. 0-0 0-0 7. d4 cxd4 8. Nxd4 Nbc6 9. Ndb5 b6 10. Bf4 Nf5 11. Qd2 e5 12. Bg5 Bf6 13. Bxf6 Qxf6 14. Nd5 Qd8 15. Rfd1 Nfd4 16. Nxd4 exd4 17. Qf4 f6 18. b4 Bb7 19. b5 Na5 20. Qxd4 Rc8 21. Rac1 Kg7 22. c5 Bxd5 23. Qxd5 Re8 24. Qxd7+ Qxd7 25. Rxd7+ Kh6 26. c6 Rxe2 27. Rxa7 Rb2 28. a4 Rb4 29. c7 Rd4 30. Ra8 Rxc7 31. Rxc7 Rxa4 32. Raa7 1-0

[Event "Torino SST Junior-Senior (giallo)"]
[Site "Torino"]
[Date "2012.04.19"]
[Round "7"]
[White "Bartoli, Francesco"]
[Black "Giacometto, Mario"]
[Result "0-1"]
[WhiteElo "1446"]
[BlackElo "1990"]
[PlyCount "68"]
[EventDate "2011.10.20"]
[EventType "schev"]
[EventRounds "8"]
[EventCountry "ITA"]
[SourceTitle "EXT 2018"]
[Source "ChessBase"]
[SourceDate "2017.10.13"]
[SourceVersion "1"]
[SourceVersionDate "2017.10.13"]
[SourceQuality "1"]

1. Nf3 d5 2. c4 e6 3. d4 Nf6 4. Nc3 Nbd7 5. Bg5 h6 6. Bh4 Be7 7. e3 0-0 8. Bd3 dxc4 9. Bxc4 a6 10. a4 c5 11. 0-0 cxd4 12. exd4 Qc7 13. b3 Nb6 14. Bg3 Bd6 15. Bxd6 Qxd6 16. Bd3 Nbd5 17. Ne4 Nxe4 18. Bxe4 Nc3 19. Qd3 Nxe4 20. Qxe4 Rd8 21. Rfc1 Bd7 22. Qe5 Bc6 23. Qc5 Bxf3 24. gxf3 Qxd4 25. Qxd4 Rxd4 26. Rc7 Rb4 27. Rd1 Rxb3 28. Rdd7 Rxf3 29. Rxb7 a5 30. Ra7 Rxa7 31. Rxa7 Rf5 32. Kg2 Kh7 33. Rb7 Kg6 34. f3 Rf4 0-1